000 00589nam a2200193Ia 4500
003 GCL
008 140319s9999 xx 000 0 ara d
040 _aGCL /
_cGCL
082 0 4 _a370.115
_bع ت
100 1 _aعبدالمنعم المشاط
245 1 0 _aالتربية والسياسة /
_cعبدالمنعم المشاط
260 _a[S.N] :
_bدار سعاد الصباح ،
_c1992
300 _a216 ص
490 _aدراسات
_v0
650 0 4 _aالسياسة
650 0 4 _aالتربية الوطنية
650 0 4 _aالتربية فى الامارات
942 _2ddc
_cBK
999 _c45526
_d45526